Objectives in soil and water conservation engineering (Record no. 14835)
[ view plain ]
| 000 -LEADER | |
|---|---|
| fixed length control field | 00323nam a22001217a 4500 |
| 082 ## - DEWEY DECIMAL CLASSIFICATION NUMBER | |
| Classification number | 631.45 |
| Item number | PAW/OB |
| 100 ## - MAIN ENTRY--AUTHOR NAME | |
| Personal name | Pawan Jeet |
| 100 ## - MAIN ENTRY--AUTHOR NAME | |
| Personal name | Prem K Sundaram |
| 245 ## - TITLE STATEMENT | |
| Title | Objectives in soil and water conservation engineering |
| 260 ## - PUBLICATION, DISTRIBUTION, ETC. (IMPRINT) | |
| Place of publication | New Delhi |
| Name of publisher | New Vishal publications |
| Year of publication | 2016 |
| 300 ## - PHYSICAL DESCRIPTION | |
| Number of Pages | 280 |
| 942 ## - ADDED ENTRY ELEMENTS (KOHA) | |
| Koha item type | Books |
| Withdrawn status | Lost status | Damaged status | Collection code | Home library | Current library | Shelving location | Date acquired | Source of acquisition | Cost, normal purchase price | Full call number | Accession Number | Koha item type |
|---|---|---|---|---|---|---|---|---|---|---|---|---|
| KAUAET | KAUAET | General Stacks | 30/03/2017 | Neoti book Agency | 200.00 | 631.45 PAW/OB | 25290 | Books | ||||
| KAUAET | KAUAET | General Stacks | 30/03/2017 | Neoti book Agency | 200.00 | 631.45 PAW/OB | 25291 | Books | ||||
| KAUAET | KAUAET | General Stacks | 30/03/2017 | Neoti book Agency | 200.00 | 631.45 PAW/OB | 25292 | Books | ||||
| KAUAET | KAUAET | General Stacks | 30/03/2017 | Neoti book Agency | 200.00 | 631.45 PAW/OB | 25293 | Books | ||||
| KAUAET | KAUAET | General Stacks | 30/03/2017 | Neoti book Agency | 200.00 | 631.45 PAW/OB | 25294 | Books |
